000 00493nam a2200181Ia 4500
008 240925s9999 xx 000 0 und d
020 _aNA
082 _a004.165 MAC
100 _aMackenzie ,Scott I.
245 4 _aThe 8051 Microcontroller
250 _aNA
260 _aLahore:
_bWest Publishing Co
_c,1991.
300 _axv,357p.
_bNA
_fPhotocopy
500 _aIncludes Index
600 _aEngineering Technology
650 _aComputer science, information & general works
942 _cBK
999 _c3878
_d3878